[Event "Ïåðâåíñòâî Ìîñêâû ïî øàõìàòàì"]
[Site "Ìîñêâà, ÌÃÈÌÎ ïð. Âåðíàäñêîãî,"]
[Date "2018.11.24"]
[Round "8.20"]
[White "Markoziya, Georgiy"]
[Black "Fedosov, Alexander"]
[Result "1-0"]
[WhiteElo "1100"]
[BlackElo "1140"]
[PlyCount "105"]
[EventDate "2018.11.18"]

1. e4 c5 2. c3 e6 3. Nf3 d5 4. exd5 exd5 5. Bb5+ Bd7 6. Bxd7+ Qxd7 7. O-O Be7
8. Re1 Nf6 9. Ne5 Qc7 10. d4 cxd4 11. cxd4 O-O 12. Bf4 Bd6 13. Nc3 Nbd7 14. Nb5
Qb6 15. Nxd6 Qxd6 16. Ng6 Qb6 17. Nxf8 Nxf8 18. b3 Ne6 19. Be5 Nd7 20. Qd2 f6
21. Bf4 Re8 22. Bg3 Kf7 23. Rad1 Nb8 24. Bxb8 Rxb8 25. Qd3 h6 26. Qg3 Rc8 27.
Qf3 Rd8 28. Qe2 Re8 29. f4 Nc7 30. Qf2 Rxe1+ 31. Qxe1 Qe6 32. Qxe6+ Kxe6 33.
Kf2 Nb5 34. Rd3 b6 35. g4 a5 36. f5+ Kd7 37. a4 Na7 38. Kf3 Nc6 39. Kf4 Kd6 40.
h4 Kd7 41. g5 hxg5+ 42. hxg5 Kd6 43. gxf6 gxf6 44. Kg4 Ke7 45. Kh5 Kf7 46. Kh6
Ne7 47. Rf3 Nc6 48. Rf4 Ne7 49. Kh7 Nc6 50. Rg4 Ke7 51. Kg7 Nd8 52. Rg3 Nf7 53.
Re3+ 1-0

[Event "Ïåðâåíñòâî Ìîñêâû ïî øàõìàòàì"]
[Site "Ìîñêâà, ÌÃÈÌÎ ïð. Âåðíàäñêîãî,"]
[Date "2018.11.24"]
[Round "8.21"]
[White "Nikitin, Stepan"]
[Black "Minko, Aleksandr"]
[Result "1-0"]
[WhiteElo "1190"]
[BlackElo "1213"]
[PlyCount "61"]
[EventDate "2018.11.18"]

1. e4 e5 2. Nf3 Nc6 3. Bb5 Nf6 4. O-O Nxe4 5. Bxc6 dxc6 6. Re1 Nd6 7. Rxe5+ Be7
8. Re1 O-O 9. Nc3 Bg4 10. h3 Bh5 11. Re5 Bg5 12. Rxg5 Bxf3 13. Rxg7+ Kxg7 14.
Qxf3 Qf6 15. Qg4+ Qg6 16. Qd4+ Qf6 17. Qg4+ Qg6 18. Qd4+ f6 19. d3 Nb5 20. Nxb5
cxb5 21. Qd7+ Qf7 22. Qxb5 Qe8 23. Qxb7 Qe1+ 24. Kh2 Qe5+ 25. g3 Qc5 26. Be3
Qxc2 27. Rc1 Qa4 28. Rxc7+ Kg6 29. Rg7+ Kh5 30. Qf3+ Qg4 31. Qxg4# 1-0

[Event "Ïåðâåíñòâî Ìîñêâû ïî øàõìàòàì"]
[Site "Ìîñêâà, ÌÃÈÌÎ ïð. Âåðíàäñêîãî,"]
[Date "2018.11.24"]
[Round "8.23"]
[White "Selivanov, Alexandr"]
[Black "Rusakov, Makar"]
[Result "0-1"]
[WhiteElo "1176"]
[BlackElo "1156"]
[PlyCount "106"]
[EventDate "2018.11.18"]

1. e4 e6 2. d4 d5 3. exd5 exd5 4. Bf4 Nc6 5. Nf3 Bd6 6. Bxd6 Qxd6 7. Be2 Nge7
8. O-O O-O 9. Nbd2 Bf5 10. Re1 Nb4 11. Bd3 Bxd3 12. cxd3 Nxd3 13. Re3 Nf4 14.
Qc2 Qg6 15. Qxg6 Nfxg6 16. Nf1 Nf5 17. Re2 f6 18. g3 Rfe8 19. Rae1 Kf7 20. N1d2
Rxe2 21. Rxe2 Re8 22. Kf1 Rxe2 23. Kxe2 Nge7 24. Kd3 Nc6 25. a3 g5 26. g4 Nh6
27. h3 Kg6 28. Nb3 f5 29. Nh2 b6 30. Nd2 f4 31. Nhf3 Kf6 32. Nb1 Nf7 33. Nc3
Ne7 34. Kc2 c6 35. b4 a6 36. Kd3 b5 37. Ne2 Ng6 38. Nd2 Nd8 39. Nb3 Nb7 40. f3
Nh4 41. Ng1 Ng2 42. Ne2 Ne1+ 43. Kc3 Nxf3 44. Na5 Nxa5 45. bxa5 Ke7 46. Kb4 Kd7
47. Kc5 Kc7 48. Kb4 Nd2 49. h4 f3 50. Ng3 gxh4 51. Nh1 Ne4 52. a4 bxa4 53. Kxa4
f2 0-1

[Event "Ïåðâåíñòâî Ìîñêâû ïî øàõìàòàì"]
[Site "Ìîñêâà, ÌÃÈÌÎ ïð. Âåðíàäñêîãî,"]
[Date "2018.11.25"]
[Round "9.1"]
[White "Averin, Nikolay"]
[Black "Akhmedov, David"]
[Result "1/2-1/2"]
[WhiteElo "1557"]
[BlackElo "1561"]
[PlyCount "80"]
[EventDate "2018.11.18"]

1. e4 c5 2. c3 d5 3. exd5 Qxd5 4. d4 Nf6 5. Nf3 Bg4 6. Be2 e6 7. O-O Nc6 8. Be3
cxd4 9. cxd4 Bd6 10. h3 Bh5 11. Nc3 Qa5 12. a3 O-O 13. Qb3 Ne7 14. Qb5 Qxb5 15.
Nxb5 Bb8 16. g4 Bg6 17. Ne5 a6 18. Nc3 Ba7 19. Bf3 Nfd5 20. Rac1 Rac8 21. h4 f6
22. Nxg6 hxg6 23. Nxd5 Nxd5 24. Bxd5 exd5 25. Kg2 Kf7 26. Kf3 b5 27. Ke2 Ke6
28. Kd3 Kd7 29. Rh1 Bb6 30. h5 Rxc1 31. Bxc1 Rh8 32. Rg1 gxh5 33. gxh5 Rh7 34.
Rg6 Ke7 35. h6 gxh6 36. Rxh6 Rg7 37. Rh8 Bd8 38. Bh6 Rf7 39. Bf4 Rg7 40. Bd2 a5
1/2-1/2

[Event "Ïåðâåíñòâî Ìîñêâû ïî øàõìàòàì"]
[Site "Ìîñêâà, ÌÃÈÌÎ ïð. Âåðíàäñêîãî,"]
[Date "2018.11.25"]
[Round "9.2"]
[White "Uskov, Artem"]
[Black "Tunik, Denis"]
[Result "1-0"]
[WhiteElo "1366"]
[BlackElo "1673"]
[PlyCount "50"]
[EventDate "2018.11.18"]

1. e4 c5 2. c3 d6 3. d4 Nf6 4. Bd3 Nc6 5. Ne2 e6 6. O-O Be7 7. Nd2 O-O 8. Nf3
cxd4 9. cxd4 e5 10. b3 Bg4 11. d5 Nb4 12. Ng3 Nxd3 13. Qxd3 Rc8 14. h3 Bd7 15.
a4 Qc7 16. Ba3 Qa5 17. Nxe5 Rc3 18. Qd2 dxe5 19. Bxe7 Bxh3 20. b4 Rxg3 21. fxg3
Nxe4 22. bxa5 Nxd2 23. Bxf8 Nxf1 24. Kxf1 Bxg2+ 25. Kxg2 Kxf8 1-0

[Event "Ïåðâåíñòâî Ìîñêâû ïî øàõìàòàì"]
[Site "Ìîñêâà, ÌÃÈÌÎ ïð. Âåðíàäñêîãî,"]
[Date "2018.11.25"]
[Round "9.3"]
[White "Parpiev, Isaak"]
[Black "Frolov, Maxim"]
[Result "1-0"]
[WhiteElo "1314"]
[BlackElo "1218"]
[PlyCount "79"]
[EventDate "2018.11.18"]

1. d4 Nf6 2. c4 g6 3. Nc3 Bg7 4. e4 d6 5. f4 O-O 6. Nf3 Nbd7 7. Be2 c5 8. d5
Ne8 9. O-O Nc7 10. Be3 b6 11. Qd2 a6 12. a4 a5 13. Rad1 Nf6 14. h3 Nh5 15. Kh2
Nf6 16. Rfe1 Nd7 17. Bf1 Re8 18. Bf2 Nb8 19. e5 Nba6 20. Nb5 Nxb5 21. axb5 Nc7
22. Bd3 e6 23. dxe6 fxe6 24. Be4 d5 25. Bh4 Qd7 26. cxd5 Bb7 27. dxe6 Qxd2 28.
Rxd2 Bxe4 29. Rxe4 Nxe6 30. Rd6 Rab8 31. Rd7 h6 32. Bf6 Rbc8 33. g4 Rb8 34. f5
gxf5 35. gxf5 Bxf6 36. exf6 Ng5 37. Nxg5 Rxe4 38. Nxe4 c4 39. f7+ Kf8 40. Nf6
1-0

[Event "Ïåðâåíñòâî Ìîñêâû ïî øàõìàòàì"]
[Site "Ìîñêâà, ÌÃÈÌÎ ïð. Âåðíàäñêîãî,"]
[Date "2018.11.25"]
[Round "9.4"]
[White "Usov, Aleksandr E"]
[Black "Gerasimov, Matvey"]
[Result "1-0"]
[WhiteElo "1640"]
[BlackElo "1225"]
[PlyCount "69"]
[EventDate "2018.11.18"]

1. d4 d5 2. c4 e6 3. Nc3 Nf6 4. Bg5 Nbd7 5. e3 Be7 6. Nf3 O-O 7. c5 Re8 8. Bf4
c6 9. Be2 Bf8 10. O-O Nh5 11. Bg5 Be7 12. Bxe7 Qxe7 13. Ne5 Nhf6 14. f4 Ne4 15.
Nxe4 dxe4 16. b4 f6 17. Nc4 b6 18. Nd6 Rf8 19. Nxe4 Qf7 20. Bc4 b5 21. Bb3 Nb8
22. Nd6 Qe7 23. Qg4 Kh8 24. Qh4 Na6 25. a3 Nc7 26. e4 Ne8 27. e5 Nxd6 28. exd6
Qd8 29. Rf3 h6 30. Re1 Re8 31. Rg3 Qd7 32. Ree3 a5 33. Qg4 axb4 34. Bxe6 Qd8
35. Qxg7# 1-0

[Event "Ïåðâåíñòâî Ìîñêâû ïî øàõìàòàì"]
[Site "Ìîñêâà, ÌÃÈÌÎ ïð. Âåðíàäñêîãî,"]
[Date "2018.11.25"]
[Round "9.5"]
[White "Dianin, Georgiy"]
[Black "Yonal, Timur"]
[Result "0-1"]
[WhiteElo "1060"]
[BlackElo "1524"]
[PlyCount "62"]
[EventDate "2018.11.18"]

1. e4 c5 2. Nf3 e6 3. d4 cxd4 4. Nxd4 a6 5. Nc3 Qc7 6. Bd3 Nf6 7. O-O Nc6 8.
Nxc6 dxc6 9. Bg5 Be7 10. Re1 e5 11. Bxf6 Bxf6 12. Qd2 Be6 13. Ne2 O-O 14. Ng3
Be7 15. Nf5 Bc5 16. Qg5 f6 17. Qg3 Kh8 18. c3 b5 19. b4 Bb6 20. a4 Bb3 21. axb5
axb5 22. Rxa8 Rxa8 23. Rb1 Be6 24. h3 Ra2 25. Ne3 Rd2 26. Bf1 Qa7 27. Nd1 Qa2
28. Bd3 Bc4 29. Qg4 Rxd3 30. Rc1 Bb3 31. Ne3 Rxe3 0-1

[Event "Ïåðâåíñòâî Ìîñêâû ïî øàõìàòàì"]
[Site "Ìîñêâà, ÌÃÈÌÎ ïð. Âåðíàäñêîãî,"]
[Date "2018.11.25"]
[Round "9.6"]
[White "Averkiev, Andrei"]
[Black "Kovaler, Filipp"]
[Result "0-1"]
[WhiteElo "1440"]
[BlackElo "1182"]
[PlyCount "76"]
[EventDate "2018.11.18"]

1. d4 Nf6 2. c4 d6 3. Nc3 Nbd7 4. e4 e5 5. d5 Be7 6. f3 O-O 7. Be3 c6 8. Qd2 a6
9. g4 cxd5 10. cxd5 b5 11. h4 Nc5 12. h5 Qa5 13. g5 Ne8 14. Qh2 b4 15. Nd1 Bd7
16. g6 h6 17. gxf7+ Rxf7 18. Qg2 Rf6 19. Nh3 Nb3 20. Rb1 Qxa2 21. Bd3 Bb5 22.
Bxb5 axb5 23. Qc2 Rxf3 24. Bxh6 Bh4+ 25. Nhf2 Bxf2+ 26. Nxf2 Rc8 27. Qd1 gxh6
28. Rg1+ Kh8 29. Qxf3 Qxb1+ 30. Nd1 Ng7 31. Qg4 Rc7 32. Qg6 Qc1 33. Rg2 Qf4 34.
Rf2 Qh4 35. Qxh6+ Kg8 36. Qg6 Qh1+ 37. Rf1 Qxh5 38. Qxh5 Nxh5 0-1

[Event "Ïåðâåíñòâî Ìîñêâû ïî øàõìàòàì"]
[Site "Ìîñêâà, ÌÃÈÌÎ ïð. Âåðíàäñêîãî,"]
[Date "2018.11.25"]
[Round "9.7"]
[White "Chekanov, Timur"]
[Black "Silenko, Alexey"]
[Result "0-1"]
[WhiteElo "1204"]
[BlackElo "1347"]
[PlyCount "132"]
[EventDate "2018.11.18"]

1. d4 d5 2. Nf3 Nf6 3. Bf4 c5 4. c3 Nc6 5. e3 Qb6 6. Qb3 c4 7. Qc2 g6 8. Be2
Bf5 9. Qc1 Bg7 10. O-O O-O 11. h3 Qa5 12. Ne5 Nd7 13. Nxc6 bxc6 14. Nd2 c5 15.
Nf3 h6 16. Ne5 Nxe5 17. Bxe5 Bxe5 18. dxe5 h5 19. f4 Rab8 20. b3 cxb3 21. axb3
Qb6 22. Bd1 Be6 23. b4 cxb4 24. cxb4 Qxb4 25. Rxa7 d4 26. Ra4 Qc3 27. Bf3 Rfc8
28. Qxc3 dxc3 29. Rc1 c2 30. Kf2 Rd8 31. Ra7 Bb3 32. Rxe7 Rd1 33. Bxd1 cxd1=Q
34. Rxd1 Bxd1 35. e6 fxe6 36. Rxe6 Kf7 37. Rd6 Bc2 38. g4 h4 39. Rd7+ Kg8 40.
Rd4 Rf8 41. Kf3 Kg7 42. Rd2 Ba4 43. Rd4 Bc6+ 44. Kf2 Ra8 45. Rd2 Ra1 46. e4 Rh1
47. Rd3 Bxe4 48. Re3 Bd5 49. Rd3 Bf7 50. Kg2 Ra1 51. f5 g5 52. Rd7 Ra2+ 53. Kg1
Ra6 54. Kf2 Kf6 55. Rd2 Ke5 56. Rd7 Kf6 57. Rd2 Ra8 58. Rb2 Rg8 59. Rb5 Rd8 60.
Rb2 Ke5 61. Rb7 Bd5 62. Rg7 Rg8 63. Re7+ Kf4 64. Rd7 Be4 65. f6 Rf8 66. f7 Bg6
0-1

[Event "Ïåðâåíñòâî Ìîñêâû ïî øàõìàòàì"]
[Site "Ìîñêâà, ÌÃÈÌÎ ïð. Âåðíàäñêîãî,"]
[Date "2018.11.25"]
[Round "9.8"]
[White "Motruk, Denis"]
[Black "Korovko, Iakov"]
[Result "1/2-1/2"]
[WhiteElo "1309"]
[BlackElo "1125"]
[PlyCount "98"]
[EventDate "2018.11.18"]

1. d4 Nf6 2. c4 e6 3. Nc3 Bb4 4. Bd2 O-O 5. Nf3 b6 6. e3 Bb7 7. a3 Bxc3 8. Bxc3
Ne4 9. Bd3 f5 10. Qc2 d6 11. h4 Nd7 12. Ng5 Nxg5 13. hxg5 Qxg5 14. O-O-O d5 15.
Rdg1 Nf6 16. Bd2 Ne4 17. f4 Qg3 18. Bxe4 dxe4 19. Rh3 Qg6 20. Rgh1 h6 21. Be1
Rf6 22. Bc3 Rff8 23. Qf2 Qh7 24. Qg3 Rf6 25. Qf2 Rg6 26. Rg1 Rg4 27. Rg3 Qg6
28. Rxg4 Qxg4 29. Rh1 Rd8 30. Rh3 Rd7 31. Rg3 Qh5 32. Rh3 Qg6 33. Rg3 Qe8 34.
Qc2 Qh5 35. Rh3 Qg4 36. Be1 c5 37. Rg3 Qh5 38. Qa4 Qe2 39. Bd2 Bc8 40. Qc6 Qf1+
41. Kc2 Qxc4+ 42. Kd1 Qf1+ 43. Kc2 Qd3+ 44. Kd1 Qf1+ 45. Kc2 Qc4+ 46. Kd1 Qf1+
47. Kc2 Qc4+ 48. Kb1 Qd3+ 49. Kc1 Qf1+ 1/2-1/2

[Event "Ïåðâåíñòâî Ìîñêâû ïî øàõìàòàì"]
[Site "Ìîñêâà, ÌÃÈÌÎ ïð. Âåðíàäñêîãî,"]
[Date "2018.11.25"]
[Round "9.9"]
[White "Zverev, Lev"]
[Black "Smirnov, Vsevolod"]
[Result "1-0"]
[WhiteElo "1723"]
[BlackElo "1244"]
[PlyCount "67"]
[EventDate "2018.11.18"]

1. e4 c5 2. Nf3 g6 3. d4 cxd4 4. Nxd4 Bg7 5. Nc3 Nc6 6. Be3 Nf6 7. Bc4 Qa5 8.
O-O O-O 9. Bb3 d6 10. h3 a6 11. Re1 Bd7 12. Nd5 Nxd5 13. exd5 Nxd4 14. Bxd4
Bxd4 15. Qxd4 Rfe8 16. Re3 Qd8 17. Rae1 Rc8 18. c3 Bb5 19. a4 Bd7 20. Qh4 Qb6
21. c4 e5 22. Qf6 e4 23. Bc2 Rxc4 24. Bxe4 Rcc8 25. h4 Qd8 26. Qxd6 Bxa4 27.
Qf4 Qd7 28. Qf6 Qd8 29. Qd4 Qd7 30. d6 Bc6 31. Bxc6 bxc6 32. Re7 Rxe7 33. Rxe7
Qd8 34. d7 1-0

[Event "Ïåðâåíñòâî Ìîñêâû ïî øàõìàòàì"]
[Site "Ìîñêâà, ÌÃÈÌÎ ïð. Âåðíàäñêîãî,"]
[Date "2018.11.25"]
[Round "9.10"]
[White "Bachaliashvili, Eduard"]
[Black "Artelnykh, Leonid"]
[Result "1-0"]
[WhiteElo "1253"]
[BlackElo "1354"]
[PlyCount "65"]
[EventDate "2018.11.18"]

1. d4 c6 2. e4 d5 3. exd5 cxd5 4. Nf3 Bg4 5. Be2 e6 6. O-O Bd6 7. h3 Bxf3 8.
Bxf3 Nf6 9. Bg5 h6 10. Bxf6 Qxf6 11. Qd2 O-O 12. c4 Bf4 13. Qd1 Nc6 14. cxd5
Nxd4 15. Nc3 Be5 16. Be4 Rac8 17. g3 b5 18. a3 a5 19. Bg2 Rfd8 20. f4 b4 21.
fxe5 Qxe5 22. Re1 Qxg3 23. Ne4 Qe5 24. Nc5 Qf4 25. Re4 Qf6 26. Qxd4 Qxd4+ 27.
Rxd4 Rxc5 28. axb4 axb4 29. Rxb4 exd5 30. Rd1 Kh7 31. Rbd4 Rb5 32. Bxd5 Rxb2
33. Be4+ 1-0

[Event "Ïåðâåíñòâî Ìîñêâû ïî øàõìàòàì"]
[Site "Ìîñêâà, ÌÃÈÌÎ ïð. Âåðíàäñêîãî,"]
[Date "2018.11.25"]
[Round "9.11"]
[White "Pereverzev, Timofei"]
[Black "Khlypovka, Stepan"]
[Result "0-1"]
[WhiteElo "1338"]
[BlackElo "1220"]
[PlyCount "52"]
[EventDate "2018.11.18"]

1. d4 d5 2. c4 Nc6 3. Nf3 Bg4 4. Nbd2 e6 5. cxd5 Qxd5 6. e3 Nf6 7. a3 e5 8. Bc4
Qa5 9. Qb3 O-O-O 10. dxe5 Nxe5 11. Nxe5 Qxe5 12. O-O Bd6 13. f4 Qe7 14. Nf3
Bxf3 15. Rxf3 Rhf8 16. Qc2 Ne4 17. b4 g5 18. f5 Qe5 19. Bb2 Qxh2+ 20. Kf1 Qh1+
21. Ke2 Qxg2+ 22. Kd3 Qxf3 23. Bd4 Qxf5 24. Ba2 Nf2+ 25. Kc3 Qxc2+ 26. Kxc2 g4
0-1

[Event "Ïåðâåíñòâî Ìîñêâû ïî øàõìàòàì"]
[Site "Ìîñêâà, ÌÃÈÌÎ ïð. Âåðíàäñêîãî,"]
[Date "2018.11.25"]
[Round "9.13"]
[White "Maslovskiy, Vladimir"]
[Black "Makarenko, Kirill"]
[Result "1-0"]
[WhiteElo "1231"]
[BlackElo "1060"]
[PlyCount "127"]
[EventDate "2018.11.18"]

1. e4 d6 2. d4 Nf6 3. Nc3 Nbd7 4. Nf3 e5 5. Bc4 Be7 6. a4 O-O 7. O-O c6 8. Re1
a5 9. Ba2 Re8 10. Be3 Bf8 11. Qd3 h6 12. h3 Qc7 13. Rad1 Nb6 14. Nh4 Bd7 15.
Ng6 Be6 16. Bxe6 fxe6 17. Nxf8 Rxf8 18. dxe5 dxe5 19. Qd6 Qxd6 20. Rxd6 Nc4 21.
Rxe6 Rfe8 22. Rxe8+ Rxe8 23. b3 Na3 24. Re2 Nd7 25. Bc1 b5 26. Bxa3 b4 27. Bxb4
axb4 28. Na2 c5 29. Rd2 Nf6 30. f3 Re7 31. Nc1 Rc7 32. Ne2 c4 33. g4 cxb3 34.
cxb3 Rb7 35. Ra2 Ra7 36. a5 Ra6 37. Nc1 Rd6 38. a6 Rd8 39. a7 Ra8 40. Nd3 Ne8
41. Nxb4 Nc7 42. Nd5 Nb5 43. Nb6 Rxa7 44. Rxa7 Nxa7 45. Nc4 Nc6 46. Kf2 Kf8 47.
Ke3 g5 48. Kd3 Ke7 49. Nd2 Nd4 50. Kc4 Kd6 51. Kb4 Nc6+ 52. Kb5 Nd4+ 53. Kb6
Nc2 54. Ka5 Kc5 55. Ka4 Ne3 56. b4+ Kc6 57. b5+ Kc5 58. Ka5 Nc2 59. b6 Nd4 60.
Ka6 Nc6 61. b7 Kd6 62. Kb6 Kd7 63. Nc4 Ke6 64. Kxc6 1-0

[Event "Ïåðâåíñòâî Ìîñêâû ïî øàõìàòàì"]
[Site "Ìîñêâà, ÌÃÈÌÎ ïð. Âåðíàäñêîãî,"]
[Date "2018.11.25"]
[Round "9.14"]
[White "Markoziya, Georgiy"]
[Black "Zherdev, Radomir"]
[Result "1/2-1/2"]
[WhiteElo "1100"]
[BlackElo "1293"]
[PlyCount "107"]
[EventDate "2018.11.18"]

1. e4 d5 2. exd5 Nf6 3. Bb5+ Bd7 4. Be2 Nxd5 5. d4 e6 6. Nf3 Be7 7. O-O O-O 8.
c4 Nf6 9. Nc3 c5 10. d5 exd5 11. Nxd5 Nc6 12. Bf4 Nh5 13. Nxe7+ Nxe7 14. Bd6
Rc8 15. Ne5 Nf6 16. Nxd7 Qxd7 17. Be5 Qe6 18. Bc3 Rcd8 19. Qc2 Ng6 20. b3 Rfe8
21. Rfe1 Qe4 22. Qb2 Nh4 23. Bf1 Qg6 24. Bxf6 gxf6 25. Rxe8+ Rxe8 26. Kh1 b6
27. Qd2 Qg5 28. Rd1 Qxd2 29. Rxd2 Re1 30. Kg1 Nf5 31. Re2 Ra1 32. f3 Kf8 33.
Kf2 Nd4 34. Rd2 Ke7 35. Bd3 h6 36. Kg3 f5 37. Kh4 Kf6 38. Kh5 Kg7 39. f4 Re1
40. g3 Kf6 41. Kxh6 Re8 42. Kh7 Rb8 43. Rf2 Ne6 44. g4 fxg4 45. Be2 Nf8+ 46.
Kh6 Ke6 47. Kg5 f5 48. Bd1 Nh7+ 49. Kh4 Nf6 50. Bc2 Rh8+ 51. Kg3 Rh3+ 52. Kg2
Nh5 53. Bd1 Re3 54. Bc2 1/2-1/2

[Event "Ïåðâåíñòâî Ìîñêâû ïî øàõìàòàì"]
[Site "Ìîñêâà, ÌÃÈÌÎ ïð. Âåðíàäñêîãî,"]
[Date "2018.11.25"]
[Round "9.16"]
[White "Lebedev, Andrey"]
[Black "Filippov, Andrei O"]
[Result "0-1"]
[WhiteElo "1264"]
[BlackElo "1415"]
[PlyCount "68"]
[EventDate "2018.11.18"]

1. Nf3 d5 2. c4 Nf6 3. e3 e6 4. d4 c6 5. Nc3 Bd6 6. Bd3 Nbd7 7. c5 Bc7 8. Bd2
O-O 9. O-O Re8 10. Qc2 e5 11. dxe5 Nxe5 12. Nxe5 Bxe5 13. Ne2 Ne4 14. Bxe4 dxe4
15. Bc3 Qc7 16. Bxe5 Qxe5 17. Nd4 Qg5 18. Kh1 Be6 19. Rad1 Bd5 20. Qa4 f5 21.
Qb4 Rab8 22. Qa5 f4 23. exf4 Qxf4 24. Qd2 Qg4 25. Qe3 Rf8 26. Qg3 Qxg3 27. fxg3
e3 28. Rfe1 Rf2 29. Re2 Rbf8 30. Kg1 Bc4 31. Ree1 e2 32. Nxe2 Bxe2 33. Rd8 Rf1+
34. Rxf1 Rxd8 0-1

[Event "Ïåðâåíñòâî Ìîñêâû ïî øàõìàòàì"]
[Site "Ìîñêâà, ÌÃÈÌÎ ïð. Âåðíàäñêîãî,"]
[Date "2018.11.25"]
[Round "9.17"]
[White "Maimin, Leonid"]
[Black "Rozhkov, Maksim"]
[Result "0-1"]
[WhiteElo "1379"]
[BlackElo "1154"]
[PlyCount "88"]
[EventDate "2018.11.18"]

1. e4 c5 2. Nf3 e6 3. d4 cxd4 4. Nxd4 a6 5. Bd3 Qc7 6. O-O Nf6 7. Qe2 Bc5 8.
Nb3 Ba7 9. Nc3 d6 10. Bg5 Nbd7 11. Kh1 h6 12. Bf4 O-O 13. Rad1 e5 14. Bg3 b5
15. f4 Bb7 16. Bxb5 axb5 17. Nxb5 Ba6 18. Nxc7 Bxe2 19. Nxa8 Bxf1 20. Rxf1 Rxa8
21. fxe5 dxe5 22. Nd2 Bb8 23. a3 Nc5 24. Nc4 Ncxe4 25. Bxe5 Nd2 26. Nxd2 Bxe5
27. Nc4 Bc7 28. b4 Ng4 29. h3 Ne5 30. Rf4 Nc6 31. Re4 Nxb4 32. Re7 Nd5 33. Rd7
Rd8 34. Rxd8+ Bxd8 35. a4 Kf8 36. a5 Nb4 37. c3 Na6 38. Kg1 Ke7 39. Kf2 Kd7 40.
Ke3 Kc6 41. Ne5+ Kd5 42. Nxf7 Bxa5 43. Kf4 Ke6 44. Ne5 Bc7 0-1

[Event "Ïåðâåíñòâî Ìîñêâû ïî øàõìàòàì"]
[Site "Ìîñêâà, ÌÃÈÌÎ ïð. Âåðíàäñêîãî,"]
[Date "2018.11.25"]
[Round "9.18"]
[White "Melnikov, Vladimir"]
[Black "Lyadov, Kirill"]
[Result "0-1"]
[WhiteElo "1097"]
[BlackElo "1226"]
[PlyCount "108"]
[EventDate "2018.11.18"]

1. e4 e5 2. Nf3 Nc6 3. Bb5 a6 4. Ba4 d6 5. c4 Nf6 6. d4 Bd7 7. d5 Nb8 8. Bxd7+
Nbxd7 9. Nc3 Be7 10. O-O O-O 11. b3 Nc5 12. Re1 h6 13. Nh4 Nfxe4 14. Nxe4 Nxe4
15. Rxe4 Bxh4 16. Rg4 Kh8 17. Be3 f5 18. Rg6 Rf6 19. Qh5 Rxg6 20. Qxg6 Qf6 21.
Qxf6 Bxf6 22. Rc1 g5 23. c5 Be7 24. g3 Kg7 25. cxd6 Bxd6 26. Bc5 e4 27. Bxd6
cxd6 28. Rc7+ Kf6 29. Rxb7 Ke5 30. Rh7 Kxd5 31. Rxh6 Rc8 32. Rh5 Rg8 33. Kf1
Ke5 34. h3 Rg6 35. Ke2 d5 36. f3 d4 37. fxe4 Kxe4 38. Rh8 d3+ 39. Kf2 Kd4 40.
Rd8+ Kc3 41. Rc8+ Kd2 42. a3 Rd6 43. b4 Kd1 44. Rc3 d2 45. Kf1 Re6 46. Kf2 Re2+
47. Kf1 f4 48. gxf4 gxf4 49. h4 Re3 50. Rc5 Rf3+ 51. Kg2 Ke2 52. Re5+ Re3 53.
Rxe3+ fxe3 54. h5 d1=Q 0-1

[Event "Ïåðâåíñòâî Ìîñêâû ïî øàõìàòàì"]
[Site "Ìîñêâà, ÌÃÈÌÎ ïð. Âåðíàäñêîãî,"]
[Date "2018.11.25"]
[Round "9.22"]
[White "Morozov, Nikolay"]
[Black "Fedosov, Alexander"]
[Result "0-1"]
[WhiteElo "1128"]
[BlackElo "1140"]
[PlyCount "58"]
[EventDate "2018.11.18"]

1. e4 c5 2. c3 e6 3. Nf3 d5 4. exd5 exd5 5. d4 cxd4 6. cxd4 Nf6 7. Bd3 Be7 8.
O-O O-O 9. h3 Nc6 10. Nc3 Be6 11. Bf4 Rc8 12. Rc1 a6 13. Na4 Kh8 14. Nc5 Nxd4
15. Nxb7 Nxf3+ 16. Qxf3 Qb6 17. Rxc8 Rxc8 18. Qe2 Rc6 19. Bh2 Qxb7 20. f4 Bd6
21. f5 Bxh2+ 22. Kxh2 Bc8 23. Re1 Qb8+ 24. Kh1 Bb7 25. Qe7 Rc7 26. Qe2 Rc8 27.
Bxa6 Re8 28. Qd2 Rxe1+ 29. Qxe1 Bxa6 0-1